IT Governance inhibitors: An empirical study in Slovak Republic
Prieskum uskutočnený v Slovenskej republike poukazuje na najvýznamnejšie faktory, ktoré chýbajú pri riadeni IT. Neexistujúci systém metrík IS/IT a nejasne definované povinnosti podnikových oddelení. Definícia, ako IT/IS podporuje podnikanie a pokrýva riziká. Implementácia riadenia IT a jej pozitívny...
Saved in:
| Main Author: | |
|---|---|
| Other Authors: | , |
| Format: | Book Chapter |
| Language: | English |
| Subjects: | |
| Tags: |
No Tags, Be the first to tag this record!
|
MARC
| LEADER | 00000nla a2200000 4500 | ||
|---|---|---|---|
| 001 | 0238751 | ||
| 005 | 20240502073849.7 | ||
| 041 | 0 | |a eng | |
| 044 | |a SK | ||
| 245 | 1 | 0 | |a IT Governance inhibitors: An empirical study in Slovak Republic |c Anita Romanová, Vladimír Bolek, Michal Zelina |
| 520 | |a Prieskum uskutočnený v Slovenskej republike poukazuje na najvýznamnejšie faktory, ktoré chýbajú pri riadeni IT. Neexistujúci systém metrík IS/IT a nejasne definované povinnosti podnikových oddelení. Definícia, ako IT/IS podporuje podnikanie a pokrýva riziká. Implementácia riadenia IT a jej pozitívny vplyv na zvýšenie konkurencieschopnosti organizácie a posilnenie jej postavenia na trhu. | ||
| 610 | 2 | 0 | |a technológie informačné |
| 610 | 2 | 0 | |a Slovensko |
| 610 | 2 | 0 | |a prieskum |
| 610 | 2 | 0 | |a prieskum informačný |
| 610 | 2 | 0 | |a systémy informačné |
| 610 | 2 | 0 | |a manažment komunikačný |
| 610 | 2 | 0 | |a riadenie |
| 100 | 1 | |a Romanová, Anita, 1973- | |
| 700 | 1 | |a Bolek, Vladimír, 1988- | |
| 700 | 1 | |a Zelina, Michal, 1981- | |